Escritores de Suamox ; (Registro nro. 7181)

Detalles MARC
000 -LEADER
fixed length control field 00823nam a22002177a 4500
003 - CONTROL NUMBER IDENTIFIER
control field OSt
005 - DATE AND TIME OF LATEST TRANSACTION
control field 20210215114144.0
008 - FIXED-LENGTH DATA ELEMENTS--GENERAL INFORMATION
fixed length control field 210215s1989 ck ao||gr|||| 00| 0dspa d
040 ## - CATALOGING SOURCE
Original cataloging agency CO-JMCR
Transcribing agency CO-JMCR
041 0# - LANGUAGE CODE
Language code of text/sound track or separate title spa
082 04 - DEWEY DECIMAL CLASSIFICATION NUMBER
Classification number 928.861 /
Item number C172e
Edition number 23
100 1# - MAIN ENTRY--PERSONAL NAME
Personal name Camargo Perez, Gabriel,
Relator term autor
9 (RLIN) 13433
245 10 - TITLE STATEMENT
Title Escritores de Suamox ;
Remainder of title Ciudad del sol /
Statement of responsibility, etc. Gabriel Camargo Perez
260 ## - PUBLICATION, DISTRIBUTION, ETC.
Place of publication, distribution, etc. Sogamoso, Colombia :
Name of publisher, distributor, etc. Caja Popular Cooperativa,
Date of publication, distribution, etc. 1989
300 ## - PHYSICAL DESCRIPTION
Extent 135 páginas :
Other physical details ilustraciones, fotografías en blanco y negro ;
Dimensions 24 cm.
504 ## - BIBLIOGRAPHY, ETC. NOTE
Bibliography, etc. note Bibliografía : páginas 129-130.
505 ## - FORMATTED CONTENTS NOTE
Formatted contents note Galería intelectual -- Otra contribución de autores de Sogamoseños a la cultura y al desarrollo
650 24 - SUBJECT ADDED ENTRY--TOPICAL TERM
Topical term or geographic name entry element Escritores colombianos
9 (RLIN) 13434
650 24 - SUBJECT ADDED ENTRY--TOPICAL TERM
Topical term or geographic name entry element Autores colombianos
9 (RLIN) 13435
942 ## - ADDED ENTRY ELEMENTS (KOHA)
Source of classification or shelving scheme Dewey Decimal Classification
Koha item type Books
Existencias
Withdrawn status Lost status Source of classification or shelving scheme Damaged status Not for loan Home library Current library Shelving location Date acquired Source of acquisition Total Checkouts Full call number Barcode Date last seen Date last checked out Copy number Price effective from Koha item type
    Dewey Decimal Classification     Biblioteca Pública José María del Castillo y Rada Biblioteca Pública José María del Castillo y Rada General Stacks 10/02/2020 Donación 1 928.861 / C172e 201810401 05/21/2025 05/20/2025 Ej.1 10/02/2020 Books